000 00429nam a2200181Ia 4500
001 8625
005 20260306160623.0
008 260306t1997||||xx |||||||||||||| ||spa||
041 _aESP
082 _a371.2
_bS23
100 _aSánchez Moreno Izaguirre, Guillermo
_eAUT
245 0 _aGestión educativa
260 _c1997
300 _a140 páginas :
_c20 cm.
650 _aGEN
654 _aCED
942 _cLIB
_dJUS
_fJUS
_2ddc
_n
999 _c8625
_d8625